Proposed golf course at Lower Peirce Reservoir : An environmental impact assessment

Bibliographic Details
Main Author: NATURE Society (Singapore)
Format: Book
Published: SingaporebThe Society , 1992
Subjects:

MARC

LEADER 00000cam a2200000 7i4500
001 0000000254
005 20011210.0
020 0 0 |a 9810038011 
090 0 0 |a 333.7814095957   |b NAT 1992 
100 0 0 |a NATURE Society (Singapore) 
245 0 0 |a Proposed golf course at Lower Peirce Reservoir :   |b An environmental impact assessment   |c prepared by Nature Society (Singapore) 
260 0 0 |a SingaporebThe Society ,   |c 1992 
300 |a ii, 80 p. :   |b ill., maps ;   |c 25 cm. 
650 0 0 |a Environmental impact analysis   |z Singapore Lower Peirce Reservoir 
650 0 0 |a Reservoirs   |x Environmental aspects   |z Singapore Lower Pierce Reservoir 
651 0 0 |a Lower Peirce Reservoir (Singapore)   |x Recreational use   |x Environmental aspects 
998 |a JPSM 
999 |a 0000001431   |b Monograph   |c Open Shelf   |e Default branch